MARKETING (Record no. 1211028)

MARC details
000 -LEADER
fixed length control field 00350nam a22001457a 4500
008 - FIXED-LENGTH DATA ELEMENTS--GENERAL INFORMATION
fixed length control field 250716b |||||||| |||| 00| 0 eng d
020 ## - INTERNATIONAL STANDARD BOOK NUMBER
International Standard Book Number 14232556612133
082 ## - DEWEY DECIMAL CLASSIFICATION NUMBER
Item number 022.01
Classification number PKL
100 ## - MAIN ENTRY--PERSONAL NAME
Personal name SHINDE RAJARAM
245 ## - TITLE STATEMENT
Title MARKETING
Remainder of title MANAGEMENT
250 ## - EDITION STATEMENT
Edition statement 1ST.ED.
260 ## - PUBLICATION, DISTRIBUTION, ETC. (IMPRINT)
Place of publication, distribution, etc DELHI
Name of publisher, distributor, etc AGGARWAL
Date of publication, distribution, etc 17/12/2024
300 ## - PHYSICAL DESCRIPTION
Extent PB
Accompanying material CD
942 ## - ADDED ENTRY ELEMENTS (KOHA)
Item type Book

No items available.